| 000 | 00363nam a22001217a 4500 | ||
|---|---|---|---|
| 082 | _a200 THE | ||
| 100 |
_aAZEEM IRSHAD _915812 |
||
| 245 | _aTH-SOF-0809-AN SSRSL APPROACH TO STATE ESTIMATION OF NONLINEAR SYSTEMS | ||
| 260 |
_aISLAMABAD _bNUST COLLEGE OF EME _c2013 |
||
| 650 | _aMS-ELECT-67 MSTHESIS | ||
| 700 |
_aADVISOR Dr Muhammad Salman _972609 |
||
| 942 | _cCF | ||
| 999 |
_c578603 _d578603 |
||